Statistics for Bible - Book of Genesis Quotes (NIV)

Click here to take the quiz!

General Stats

  • This quiz has been taken 129 times
  • The average score is 13 of 25

Answer Stats

GenesisHintAnswer% Correct
1:1"In the beginning God created the _______ and the earth"Heavens
93%
1:3And God said, 'Let there be _____'"Light
91%
7:12"And rain fell on the earth _____ days and _____ nights"Forty
88%
1:10And God saw that it was ____"Good
84%
19:26"But ____ wife looked back, and she became a pillar of salt"Lot's
77%
2:17"...you must not eat from the tree of the _________ of good and evil"Knowledge
76%
11:9"That is why it was called Babel --because there the Lord confused the ________ of the whole world"Language
73%
12:19"Why did you say, 'She is my ______,' so that I took her to be my wife?"Sister
72%
3:1"Now the _______ was more crafty than any of the wild animals the Lord God had made"Serpent
65%
19:32"Let's get our ______ to drink wine and then sleep with him and preserve our family line through our ______"Father
60%
18:26"If I find fifty _________ people in the city of Sodom, I will spare the whole place for their sake"Righteous
57%
17:10"Every male among you shall be ___________"Circumcised
56%
6:8"Noah found _____ in the eyes of the Lord"Favor
56%
22:2"Sacrifice him there as a _____ offering on a mountain I will show you"Burnt
54%
7:14"They had with them every wild animal according to its ____"Kind
53%
45:4"I am your brother Joseph, the one you sold into _____"Egypt
48%
25:26"After this, his brother came out, with his hand grasping Esau's ____"Heel
46%
27:19"Please sit up and eat some of my game, so that you may give me your ________"Blessing
43%
23:25"Two _______ are in your womb"Nations
31%
41:44"I am _______, but without your word no one will lift hand or foot in all Egypt"Pharaoh
31%
6:5"The Lord saw how great the __________ of the human race had become on earth"Wickedness
20%
9:4"But you must not eat meat that has _________ still in it"Lifeblood
19%
6:17"I am going to bring ___________ on the earth to destroy all life under the heavens"Floodwaters
10%
17:17"Abraham fell ________"Facedown
8%
46:34"Then you will be allowed to settle in the region of Goshen, for all shepherds are __________ to the Egyptians"Detestable
7%

Score Distribution

Percentile by Number Answered

Percent of People with Each Score

Your Score History

You have not taken this quiz